Northeast guide to saltwater fishing and boating / (Record no. 62461)
[ view plain ]
| 000 -LEADER | |
|---|---|
| fixed length control field | 01088nam a2200301 a 4500 |
| 001 - CONTROL NUMBER | |
| control field | 62461 |
| 003 - CONTROL NUMBER IDENTIFIER | |
| rucl marc code | BD-RjUL |
| 005 - DATE AND TIME OF LATEST TRANSACTION | |
| control field | 20211209081104.0 |
| 008 - FIXED-LENGTH DATA ELEMENTS--GENERAL INFORMATION | |
| fixed length control field | 170124s1993 meuab 001 0 eng |
| 020 ## - INTERNATIONAL STANDARD BOOK NUMBER | |
| International Standard Book Number | 0877423172 : |
| Terms of availability | $24.95 |
| 035 ## - SYSTEM CONTROL NUMBER | |
| System control number | (BD-RjUL)62587 |
| 040 ## - CATALOGING SOURCE | |
| Original cataloging agency | DLC |
| Transcribing agency | DLC |
| Modifying agency | BD-RjUL |
| Language of cataloging | eng |
| 041 ## - LANGUAGE CODE | |
| Language code of text/sound track or separate title | eng |
| 082 00 - DEWEY DECIMAL CLASSIFICATION NUMBER | |
| Classification number | 799.16614 |
| Edition number | 23 |
| Author mark and year | NOR 1993 |
| 245 10 - TITLE STATEMENT | |
| Title | Northeast guide to saltwater fishing and boating / |
| Statement of responsibility, etc. | edited by Vin T. Sparano ; compiled with James Eckes. |
| 260 ## - PUBLICATION, DISTRIBUTION, ETC. (IMPRINT) | |
| Place of publication, distribution, etc. | Camden, Me. : |
| Name of publisher, distributor, etc. | International Marine, |
| Date of publication, distribution, etc. | c1993. |
| 300 ## - PHYSICAL DESCRIPTION | |
| Pagination | xiii, 366 p. : |
| Illustrations | ill., ; |
| Size | 28 cm. |
| 500 ## - GENERAL NOTE | |
| General note | Includes index. |
| 650 #0 - SUBJECT ADDED ENTRY--TOPICAL TERM | |
| Topical term or geographic name as entry element | Saltwater fishing |
| Geographic subdivision | Northeastern States |
| General subdivision | Guidebooks. |
| 9 (RLIN) | 185730 |
| Topical term or geographic name as entry element | Boats and boating |
| Geographic subdivision | Northeastern States |
| General subdivision | Guidebooks. |
| 9 (RLIN) | 185731 |
| Topical term or geographic name as entry element | Saltwater fishing |
| Geographic subdivision | Northeastern States. |
| 9 (RLIN) | 185732 |
| Topical term or geographic name as entry element | Boats and boating |
| Geographic subdivision | Northeastern States. |
| 9 (RLIN) | 185733 |
| 700 1# - ADDED ENTRY--PERSONAL NAME | |
| Personal name | Sparano, Vin T. |
| Personal name | Eckes, James. |
| 942 ## - ADDED ENTRY ELEMENTS (KOHA) | |
| Source of classification or shelving scheme | Dewey Decimal Classification |
| Koha item type | Books |
| Lost status | Source of classification or shelving scheme | Damaged status | Not for loan | Collection code | Permanent Location | Current Location | Shelving location | Date acquired | Source of acquisition | Cost, normal purchase price | Total Checkouts | Full call number | Date last seen | Copy number | Koha item type |
|---|---|---|---|---|---|---|---|---|---|---|---|---|---|---|---|
| Dewey Decimal Classification | Not For Loan | Non-fiction | Central Library, University of Rajshahi | Central Library, University of Rajshahi | Reading Room | 10/10/2005 | Dhaka paragon enterprises ltd. | 27.95 | 799.16614 NOR 1993 | 24/01/2017 | C-1 | Books |